Lettre sur les aveugles /

Guardado en:
Autor Principal: Diderot, Denis
Formato: Libro
Publicado: Geneve / Lille : E. Droz / R. Giard, 1951
Materias:
Etiquetas: Agregar Etiqueta
Sin Etiquetas, Sea el primero en etiquetar este registro!
LEADER 00479nam a22001575a 4500
001 EHU.bham015821
003 AR-BHAM
005 20100422171958.0
008 130507s1951##################000#0#####d
082 8 4 |a 848.3 
100 1 |a Diderot, Denis 
245 1 0 |a Lettre sur les aveugles /  |c Denis Diderot 
260 |a Geneve / Lille :  |b E. Droz / R. Giard,  |c 1951 
300 |a 121p. 
653 |a Miscelanea francesa-1501-1600 
859 |a AR-BHAM  |b BIB. HUMANIDADES - CONICET  |h 848.3  |i D561  |p 303.60  |t Ej.1  |v CN332